1763 1445 1114 1700 1406 1317 1456 1707 1232 1502 1365 1184 1247 1244 1590 1623 1050 1714 1265 1343 1477 1929 1980 1174 1348 1760 1742 1604 1227 1103 1082 1170 1795 1299 1297 1730 1302 1707 1293 1494 1558 1355 1198 1288 1808 1242 1117 1023 1297 1971 1965 1368 1358 1549 1957 1293 1297 1813 1608 1920 1492 1306 1576 1520 1653 1467 1191 1885 1912 1200 1477 1381 1142 1268 1295 1165 1351 1396 1801 1800 1407 1071 1102 1147 1389 1882 1842 1639 1458 1734 1095 1540 1370 1373 1853 1625 1439 1858 1651 BCNSPRNW ULIB Ver.6.0+V

เปลี่ยนเป็นภาษาไทย

Change to English
 แสดงรายละเอียดบรรณานุกรม
  กลับหน้าหลัก

Brief Record : Get Marc (ISO 2709) : E-mail record : QR code < ปิดหน้าต่าง
LEADER : 00000nam 2200000uu 4500
001    13399114060
003     ULIB
008    110627s||||||||th 000 0 tha d
020    9789747503173
090    นว.^bด819ร 2550
100 0  เด็กทะเล
245 00 เริ่มต้นที่ใจ...ลงท้ายที่เธอ/^cเด็กทะเล
250    พิมพ์ครั้งที่ 2
260    กรุงเทพฯ :^bแจ่มใส,^c2550
300    191 หน้า
710 1  แจ่มใส
945    ^p159^l0^i021048
995    ทศพร
999 ^a ใช้งานได้ทุกระบบ
รายการนี้ยังไม่มีแท็ก
คุณยังไม่ได้ล็อกอิน คุณสามารถมีกิจกรรมร่วมกับเว็บไซต์ได้ แต่ต้องล็อกอินก่อน ::
  ล็อกอิน

รายการสื่อสารสนเทศ

ลำดับที่ ประเภท เลขเรียก/บาร์โค้ด สถานที่ สถานะ
1. นวนิยาย
นวนิยาย
นว. ด819ร 2550 ฉ.1 
  Barcode: 021048
ห้องสมุดวิทยาเขตสวรรค์ประชารักษ์
►นวนิยาย
บนชั้น
  ขอยืม

รายการใกล้เคียง
    ผู้แต่ง [เด็กทะเล]

BibComment


ยังไม่เคยถูกคอมเมนท์

คอมเมนท์ทรัพยากรรายการนี้
  คอมเมนท์: เริ่มต้นที่ใจลงท้..


 Copyright 2026. Bcnsprnw @Library